| 000 | 00616cam a2200253ua 4500 | ||
|---|---|---|---|
| 020 | _c5.00 | ||
| 041 |
_amal _h |
||
| 082 |
_a621.9 _bSUD/WO |
||
| 100 | _aSudhakaran, K . | ||
| 245 |
_aWorkshop pariseelanam / _cK Sudhakaran. _hTextual Documents |
||
| 250 |
_a1 / _b. |
||
| 260 |
_aThiruvananthapuram : _bState Instititute of Languages , _c1975. |
||
| 300 | _a133 ; . | ||
| 365 | _a5.00 | ||
| 504 | _a | ||
| 942 | _cBK | ||
| 999 |
_c10943 _d10943 |
||